000 00469nam a2200169 i 4500
001 92297
003 ES-MaACL
005 20230906180934.0
007 t|
008 050224s1905 fr ||||1| fre d
100 1 _aLichtenberger, Henri.
_972188
245 1 0 _aHenri Heine penseur /
_cpar Henri Lichtenberger.
260 _aParis :
_b[Evreux-Charles Herissey],
_c1905.
300 _a250 p. ;
_c23 cm.
600 0 4 _aHeine, Heinrich.
_962371
852 _aES-MaACL
_jB-6849
999 _c92297
_d92297